[Event "2nd VAM op"]
[Site "Hoogeveen NED"]
[Date "1998.10.20"]
[Round "5.1"]
[White "De Pender, Paul"]
[Black "Tindall, Brett"]
[Result "1/2-1/2"]
[WhiteElo "2175"]
[BlackElo "2275"]
[EventDate "1998.10.16"]
[PlyCount "71"]

1.e4 c5 2.Nf3 d6 3.d4 cxd4 4.Nxd4 Nf6 5.Nc3 a6 6.Be2 e5 7.Nb3 Be7 8.O-O 
Be6 9.f4 Qc7 10.f5 Bc4 11.a4 Nbd7 12.Be3 Rc8 13.a5 d5 14.exd5 Bxe2 15.Qxe2
Bb4 16.d6 Bxd6 17.g4 Qc4 18.Qxc4 Rxc4 19.g5 Ne4 20.Nxe4 Rxe4 21.Kf2 f6 22.
Nd2 Rh4 23.Kg3 fxg5 24.Bxg5 Rb4 25.c3 e4+ 26.Bf4 Bxf4+ 27.Rxf4 Rxb2 28.
Rxe4+ Kd8 29.Nc4 Rc2 30.Re3 Kc7 31.Rd1 Nf6 32.Nb6 Rf8 33.Re7+ Kc6 34.Re6+ 
Kc7 35.Re7+ Kc6 36.Re6+ 1/2-1/2

[Event "2nd VAM op"]
[Site "Hoogeveen NED"]
[Date "1998.10.20"]
[Round "5.5"]
[White "Porrasmaa, Timo"]
[Black "Hendriks, Richard V"]
[Result "1/2-1/2"]
[WhiteElo "2095"]
[BlackElo "2080"]
[EventDate "1998.10.16"]
[PlyCount "159"]

1.d4 d5 2.Nf3 e6 3.c4 Nf6 4.Nc3 Nbd7 5.Bg5 c6 6.cxd5 exd5 7.e3 Be7 8.Qc2 
O-O 9.Bd3 Re8 10.O-O-O Nf8 11.Bxf6 Bxf6 12.h3 b5 13.Kb1 Be6 14.g4 g6 15.
Ne5 Bxe5 16.dxe5 b4 17.Na4 c5 18.Nxc5 Rc8 19.Ba6 Qe7 20.Bxc8 Rxc8 21.Rc1 
Kh8 22.f4 Bd7 23.Rhd1 a5 24.Rxd5 Be6 25.Rd6 Nd7 26.Rxd7 Bxd7 27.Qc4 Be6 
28.Qd4 Rd8 29.Nxe6 fxe6 30.Qb6 Qd7 31.Qxa5 b3 32.axb3 Rb8 33.Qc3 Ra8 34.
Qc6 Qd3+ 35.Rc2 Qd1+ 36.Rc1 Qd3+ 37.Qc2 Qa6 38.Qc3 Qa2+ 39.Kc2 Qa6 40.Kb1 
Qa1+ 41.Kc2 Qa6 42.Kd2 Rd8+ 43.Ke1 Qb7 44.Kf2 Qe4 45.Qc2 Qd5 46.h4 Kg7 47.
b4 h6 48.h5 gxh5 49.gxh5 Kh8 50.Rg1 Qb7 51.Rg6 Qh7 52.b5 Rg8 53.b6 Rxg6 
54.Qxg6 Qd7 55.Qxh6+ Kg8 56.Qg6+ Kh8 57.Qc2 Qd8 58.Kf3 Qxb6 59.Qc8+ Kh7 
60.Qe8 Qb7+ 61.Kg3 Qh1 62.Qg6+ Kh8 63.Qh6+ Kg8 64.Qxe6+ Kh8 65.Qc8+ Kh7 
66.Qd7+ Kh8 67.Qd2 Qg1+ 68.Kh4 Qh1+ 69.Kg5 Qg1+ 70.Kf5 Qg8 71.Qd6 Qh7+ 72.
Kg5 Qg7+ 73.Kh4 Qb7 74.Qf6+ Kh7 75.Qg6+ Kh8 76.h6 Qh1+ 77.Kg5 Qh4+ 78.Kf5 
Qxf4+ 79.Ke6 Qf7+ 80.Kxf7 1/2-1/2

[Event "2nd VAM op"]
[Site "Hoogeveen NED"]
[Date "1998.10.20"]
[Round "5.6"]
[White "Remmel, Tim"]
[Black "Wunnink, Michael"]
[Result "1-0"]
[WhiteElo "2235"]
[BlackElo "2105"]
[EventDate "1998.10.16"]
[PlyCount "75"]

1.e4 c5 2.Nf3 Nc6 3.d4 cxd4 4.Nxd4 Nf6 5.Nc3 e5 6.Ndb5 d6 7.Nd5 Nxd5 8.
exd5 Nb8 9.c4 Be7 10.Be2 O-O 11.O-O Nd7 12.Be3 a6 13.Nc3 f5 14.f3 Bg5 15.
Bf2 Rf6 16.Qc2 Qe8 17.b4 Nf8 18.Rfe1 Rh6 19.Bf1 Qh5 20.h3 Ng6 21.c5 Nf4 
22.cxd6 Rg6 23.Kh1 Bf6 24.Bg1 Bd7 25.Bh2 Rc8 26.Re3 Nxd5 27.Qb3 f4 28.Nxd5
Be6 29.Rc3 Rxc3 30.Nxf6+ Rxf6 31.Qxc3 e4 32.Bc4 exf3 33.Bxe6+ Rxe6 34.Qxf3
Qe5 35.Rd1 Rxd6 36.Rxd6 Qxd6 37.Bxf4 Qxb4 38.Qd5+ 1-0

[Event "2nd VAM op"]
[Site "Hoogeveen NED"]
[Date "1998.10.20"]
[Round "5.7"]
[White "Ernst, Sipke"]
[Black "De Jong, Migchiel"]
[Result "0-1"]
[WhiteElo "2420"]
[BlackElo "2280"]
[EventDate "1998.10.16"]
[PlyCount "76"]

1.Nf3 c5 2.c4 Nc6 3.g3 g6 4.Bg2 Bg7 5.Nc3 e6 6.O-O Nge7 7.e4 O-O 8.d3 d6 
9.Be3 e5 10.a3 a5 11.Nh4 Nd4 12.Rb1 Be6 13.b4 axb4 14.axb4 b6 15.Bxd4 cxd4
16.Ne2 b5 17.cxb5 Rb8 18.Qa4 Bd7 19.f4 exf4 20.gxf4 Nd5 21.exd5 Qxh4 22.
Ng3 Bxb5 23.Qb3 Bh6 24.f5 Be3+ 25.Kh1 Rbc8 26.Ne4 Bf4 27.h3 gxf5 28.Nf6+ 
Kh8 29.Qd1 Be5 30.Rxf5 Bxf6 31.Rh5 Qg3 32.Be4 Be5 33.Rxh7+ Kg8 34.Qd2 f5 
35.Rg1 Qxg1+ 36.Kxg1 Kxh7 37.Qg5 Rg8 38.Bxf5+ Kh8 0-1

[Event "2nd VAM op"]
[Site "Hoogeveen NED"]
[Date "1998.10.20"]
[Round "5.8"]
[White "Bosch, Jeroen"]
[Black "Reinderman, Dimitri"]
[Result "1/2-1/2"]
[WhiteElo "2480"]
[BlackElo "2540"]
[EventDate "1998.10.16"]
[PlyCount "49"]

1.e4 d6 2.d4 Nf6 3.Nc3 g6 4.Nf3 Bg7 5.Be3 a6 6.Qd2 b5 7.Bd3 Bb7 8.a3 Nbd7 
9.Bh6 O-O 10.O-O-O c5 11.Bxg7 Kxg7 12.e5 Ne8 13.Be4 Rb8 14.Bxb7 Rxb7 15.
exd6 exd6 16.dxc5 dxc5 17.Ne4 Qb6 18.Rhe1 b4 19.axb4 cxb4 20.Kb1 Ndf6 21.
Qd4 b3 22.cxb3 Qxd4 23.Rxd4 Nxe4 24.Rexe4 Rxb3 25.Kc2 1/2-1/2

[Event "2nd VAM op"]
[Site "Hoogeveen NED"]
[Date "1998.10.20"]
[Round "5.9"]
[White "Dgebuadze, Alexandre"]
[Black "Sherzer, Alex"]
[Result "1-0"]
[WhiteElo "2505"]
[BlackElo "2470"]
[EventDate "1998.10.16"]
[PlyCount "83"]

1.e4 e5 2.Nf3 Nc6 3.Bb5 Nf6 4.d3 Bc5 5.Bxc6 dxc6 6.O-O Qe7 7.Nbd2 Bg4 8.h3
Bh5 9.Qe1 g5 10.Nxg5 Rg8 11.Ngf3 O-O-O 12.Nh4 Nd5 13.Ndf3 Qf6 14.Kh1 Nf4 
15.Bxf4 Qxf4 16.Qd2 Qf6 17.g4 Bg6 18.Qg5 Qxg5 19.Nxg5 Bd4 20.Rab1 Kd7 21.
Ngf3 Ke6 22.Nxd4+ Rxd4 23.f4 exf4 24.Rxf4 c5 25.Rbf1 Rf8 26.Kg2 Ra4 27.a3 
c4 28.Nf3 cxd3 29.cxd3 c5 30.h4 h5 31.gxh5 Bxh5 32.Rf5 Bxf3+ 33.R1xf3 c4 
34.d4 c3 35.Re5+ Kd6 36.Rd5+ Ke6 37.Rxc3 Rg8+ 38.Rg3 Rxg3+ 39.Kxg3 f5 40.
Re5+ Kd6 41.Rxf5 Rxd4 42.Rd5+ 1-0

[Event "2nd VAM op"]
[Site "Hoogeveen NED"]
[Date "1998.10.20"]
[Round "5.10"]
[White "Klenburg, Mikhail"]
[Black "Gausel, Einar"]
[Result "0-1"]
[WhiteElo "2330"]
[BlackElo "2540"]
[EventDate "1998.10.16"]
[PlyCount "86"]

1.e4 d5 2.exd5 Qxd5 3.Nc3 Qa5 4.d4 Nf6 5.Bd2 c6 6.Bc4 Bf5 7.Nge2 Nbd7 8.
Bb3 e6 9.Ng3 Bg6 10.Nd5 Qd8 11.Nf4 Bd6 12.h4 Bxf4 13.Bxf4 h6 14.h5 Bh7 15.
Qe2 O-O 16.O-O a5 17.a4 Qb6 18.Rad1 Rfe8 19.Qf3 Rad8 20.Rfe1 Nd5 21.Bc1 
Qc7 22.Ne4 b5 23.c3 N7b6 24.Nc5 bxa4 25.Nxa4 Nd7 26.c4 N5f6 27.g4 e5 28.
Qg3 Ne4 29.Qg2 exd4 30.Rxd4 Nec5 31.Rxe8+ Rxe8 32.Bf4 Qb7 33.Nxc5 Nxc5 34.
Bd1 Ne6 35.Re4 Bxe4 36.Qxe4 Qd7 37.Bc2 Nxf4 38.Qxf4 Qe6 39.Kg2 Qe5 40.Qd2 
Qe2 41.Qd7 Qe6 42.Qd1 Qxc4 43.Kg3 Qd5 0-1

[Event "2nd VAM op"]
[Site "Hoogeveen NED"]
[Date "1998.10.20"]
[Round "5.11"]
[White "Jonitz, Jens"]
[Black "Adamson, Robby"]
[Result "1-0"]
[WhiteElo "2160"]
[BlackElo "2310"]
[EventDate "1998.10.16"]
[PlyCount "65"]

1.e4 e6 2.d4 d5 3.Nc3 Bb4 4.e5 c5 5.a3 Bxc3+ 6.bxc3 Qc7 7.h4 cxd4 8.cxd4 
Qc3+ 9.Bd2 Qxd4 10.Nf3 Qe4+ 11.Be3 Nc6 12.Bd3 Qa4 13.h5 Bd7 14.Bd2 O-O-O 
15.Rh4 d4 16.Qb1 a6 17.Qb2 Be8 18.Rb1 Rd7 19.c3 Qa5 20.cxd4 Qc7 21.Bb4 
Nxb4 22.axb4 Ne7 23.Nd2 Kb8 24.b5 axb5 25.Bxb5 Rd8 26.Nc4 Nf5 27.Rh3 Bxb5 
28.Qxb5 Nxd4 29.Qa4 b5 30.Nd6 Qc6 31.Qxd4 Rd7 32.Rhb3 Kc7 33.Rc3 1-0

[Event "2nd VAM op"]
[Site "Hoogeveen NED"]
[Date "1998.10.20"]
[Round "5.13"]
[White "Van Engen, Herman J"]
[Black "Van der Veen, Jan"]
[Result "1-0"]
[WhiteElo "2135"]
[BlackElo "2105"]
[EventDate "1998.10.16"]
[PlyCount "65"]

1.e4 e5 2.Nf3 Nc6 3.Bb5 Nf6 4.O-O Nxe4 5.d4 Nd6 6.Bxc6 dxc6 7.dxe5 Nf5 8.
Qxd8+ Kxd8 9.Nc3 Ke8 10.h3 h6 11.Bf4 Be6 12.Ne4 c5 13.Nc3 a6 14.Rad1 Rd8 
15.Rxd8+ Kxd8 16.g4 Ne7 17.Bg3 Kc8 18.Rd1 Bd7 19.Nd2 h5 20.f3 hxg4 21.hxg4
Nc6 22.Nd5 Nd4 23.c3 Ne2+ 24.Kf2 Nxg3 25.Kxg3 f5 26.exf6 Bd6+ 27.f4 g5 28.
Ne4 gxf4+ 29.Nxf4 Rg8 30.Nxd6+ cxd6 31.Rxd6 Rxg4+ 32.Kf3 Rg8 33.f7 1-0

[Event "2nd VAM op"]
[Site "Hoogeveen NED"]
[Date "1998.10.20"]
[Round "5.14"]
[White "Ligterink, Gert"]
[Black "Hofman, Ron"]
[Result "1-0"]
[WhiteElo "2425"]
[BlackElo "2195"]
[EventDate "1998.10.16"]
[PlyCount "81"]

1.d4 d5 2.c4 e6 3.Nf3 c5 4.cxd5 exd5 5.g3 Nc6 6.Bg2 Nf6 7.O-O Be7 8.Nc3 
O-O 9.Be3 c4 10.Ne5 h6 11.b3 Qa5 12.Bd2 Bb4 13.Nxc6 bxc6 14.Qc2 Ba6 15.
Rfe1 Rfe8 16.bxc4 Bxc4 17.a3 Bxc3 18.Bxc3 Qa6 19.e3 Bd3 20.Qc1 Qc4 21.f3 
g5 22.g4 Re6 23.Qd2 Rae8 24.Rac1 Bg6 25.Bb4 Qb3 26.Rc3 Qa4 27.Rc5 Qb3 28.
Kf2 Nd7 29.Rc3 Qa4 30.Qd1 Qb5 31.Bf1 Qb8 32.Kg1 f5 33.gxf5 Bxf5 34.e4 g4 
35.e5 gxf3 36.Rxf3 Be4 37.Rg3+ Bg6 38.Bd3 Kh7 39.Bxg6+ Rxg6 40.Rxg6 Kxg6 
41.Qg4+ 1-0

[Event "2nd VAM op"]
[Site "Hoogeveen NED"]
[Date "1998.10.20"]
[Round "5.15"]
[White "Garcia, Gildardo"]
[Black "Pel, Bonno"]
[Result "1-0"]
[WhiteElo "2510"]
[BlackElo "2175"]
[EventDate "1998.10.16"]
[PlyCount "56"]

1.e4 d6 2.d4 Nf6 3.Nc3 g6 4.Nf3 Bg7 5.Be2 O-O 6.O-O c6 7.a4 Nbd7 8.Be3 Ng4
9.Bg5 f6 10.Bh4 e5 11.a5 h5 12.h3 Nh6 13.dxe5 dxe5 14.a6 b5 15.Bxb5 Qb6 
16.Bc4+ Kh7 17.Qd6 Nc5 18.Rfd1 Bxa6 19.Bxa6 Rad8 20.Qe7 Rfe8 21.Bxf6 Rxe7 
22.Bxe7 Rxd1+ 23.Rxd1 Ne6 24.Bc4 Nd4 25.Ng5+ Kh8 26.b4 Qc7 27.Bc5 Bf6 28.
Ne6 Nf7 1-0

[Event "2nd VAM op"]
[Site "Hoogeveen NED"]
[Date "1998.10.20"]
[Round "5.16"]
[White "Jonkman, Harmen"]
[Black "Hartoch, Robert G"]
[Result "1/2-1/2"]
[WhiteElo "2310"]
[BlackElo "2315"]
[EventDate "1998.10.16"]
[PlyCount "89"]

1.e4 g6 2.d4 Bg7 3.f4 c5 4.c3 cxd4 5.cxd4 d5 6.e5 Nh6 7.Nc3 O-O 8.Nf3 Nc6 
9.Bb5 Bg4 10.O-O f6 11.Bxc6 bxc6 12.Na4 fxe5 13.dxe5 Nf5 14.Qd3 Qa5 15.b3 
Bxf3 16.Rxf3 e6 17.Ba3 Rfc8 18.Rc1 g5 19.fxg5 Nh4 20.Rh3 Ng6 21.Bd6 Qd8 
22.Qg3 c5 23.Nxc5 Qe8 24.Re1 Bf8 25.b4 a5 26.a3 axb4 27.axb4 Rc6 28.Rf1 
Ra7 29.Bxf8 Nxf8 30.Rh6 Ng6 31.h4 Rf7 32.Rf6 Qb8 33.Rxf7 Kxf7 34.h5 Nf8 
35.Qf4+ Kg8 36.g6 hxg6 37.hxg6 Qe8 38.Qg5 Rc7 39.Qf6 Rg7 40.Nxe6 Qxe6 41.
Qd8 d4 42.Qxd4 Rxg6 43.Rxg6+ Nxg6 44.Qd8+ Kf7 45.Qf6+ 1/2-1/2

[Event "2nd VAM op"]
[Site "Hoogeveen NED"]
[Date "1998.10.20"]
[Round "5.17"]
[White "Erwich, Frans"]
[Black "Westerinen, Heikki"]
[Result "1-0"]
[WhiteElo "2105"]
[BlackElo "2435"]
[EventDate "1998.10.16"]
[PlyCount "87"]

1.e4 Nf6 2.e5 Nd5 3.c4 Nb6 4.c5 Nd5 5.Bc4 e6 6.Nc3 Nf4 7.Qf3 Ng6 8.d4 Nc6 
9.Nge2 b6 10.cxb6 axb6 11.O-O Bb7 12.Qe3 Be7 13.Bd3 O-O 14.Be4 f5 15.exf6 
Rxf6 16.b3 Na5 17.Bb2 Bxe4 18.Nxe4 Rf7 19.f4 Nb7 20.Nc1 Nd6 21.Ng3 Ra5 22.
Nd3 Nf5 23.Nxf5 Raxf5 24.g4 Rd5 25.Ne5 Rf6 26.Qe4 c6 27.Rae1 Bd6 28.Kh1 
Ne7 29.f5 Bb4 30.Re2 Qf8 31.Ref2 g6 32.a3 exf5 33.Qe3 Re6 34.axb4 d6 35.
gxf5 Nxf5 36.Qg5 Qe7 37.Rxf5 Qxg5 38.Rxg5 dxe5 39.dxe5 Rd2 40.Bc3 Rc2 41.
Rg3 Re8 42.Rgf3 Kg7 43.e6+ Kh6 44.Rh3+ 1-0

[Event "2nd VAM op"]
[Site "Hoogeveen NED"]
[Date "1998.10.20"]
[Round "5.18"]
[White "Solomon, Stephen"]
[Black "Timmermans, Ivo"]
[Result "1-0"]
[WhiteElo "2435"]
[BlackElo "2225"]
[EventDate "1998.10.16"]
[PlyCount "87"]

1.e4 e5 2.Nf3 Nc6 3.Bb5 a6 4.Bxc6 dxc6 5.O-O Bd6 6.d4 exd4 7.Qxd4 f6 8.Nc3
Ne7 9.Be3 Ng6 10.h3 Be6 11.Rad1 O-O 12.Qd2 Qe8 13.Qe2 Ne5 14.Nxe5 fxe5 15.
b3 Rf6 16.Na4 Qg6 17.Nc5 Bxh3 18.f3 b6 19.Nd3 Raf8 20.c4 c5 21.Ne1 h5 22.
Kh2 Be6 23.Qf2 R6f7 24.Nd3 Rd7 25.Qg3 Qxg3+ 26.Kxg3 g6 27.Kf2 Kg7 28.Ke2 
Rdf7 29.Rd2 Rd7 30.Rfd1 Rfd8 31.Bg5 Be7 32.Bxe7 Rxe7 33.Nxe5 Rxd2+ 34.Rxd2
Kf6 35.f4 Re8 36.Ke3 g5 37.g3 h4 38.Nf3 hxg3 39.Nxg5 Rh8 40.Rg2 Rh2 41.
Rxg3 Rxa2 42.Nh7+ Kf7 43.f5 Bd7 44.f6 1-0

[Event "2nd VAM op"]
[Site "Hoogeveen NED"]
[Date "1998.10.20"]
[Round "5.20"]
[White "Gofshtein, Leonid D"]
[Black "Mikhalevski, Victor"]
[Result "1-0"]
[WhiteElo "2500"]
[BlackElo "2540"]
[EventDate "1998.10.16"]
[PlyCount "139"]

1.c4 Nf6 2.Nc3 d5 3.cxd5 Nxd5 4.g3 g6 5.Bg2 Nb6 6.Nf3 Bg7 7.d3 Nc6 8.O-O 
O-O 9.Be3 e5 10.Qc1 Re8 11.Bh6 Bh8 12.Ne4 Nd5 13.Re1 a5 14.Qc4 Nb6 15.Qc5 
a4 16.Rac1 a3 17.bxa3 Ra5 18.Qc2 Rxa3 19.Bg5 Qd5 20.Bf6 Qxa2 21.Qd1 Bg7 
22.Rc2 Qb3 23.Nfg5 Ra2 24.Rxa2 Qxa2 25.Bxg7 Kxg7 26.Nxh7 Nd5 27.Nhg5 f5 
28.Nd2 Nd4 29.Qc1 c6 30.Nc4 Qc2 31.Kf1 Qxc1 32.Rxc1 Nb3 33.Rb1 Nd4 34.Nd6 
Rh8 35.Nxc8 Rxc8 36.Rxb7+ Kf6 37.h4 Ne7 38.f4 exf4 39.gxf4 Ne6 40.e3 Rh8 
41.Rd7 Nxg5 42.hxg5+ Ke6 43.Ra7 Rb8 44.Ra2 Rb1+ 45.Ke2 Rb8 46.Rc2 Rh8 47.
e4 Rb8 48.Bf3 Rb3 49.Ra2 Rb8 50.Ra4 Rb2+ 51.Ke3 Rb3 52.Bd1 Rb1 53.Bc2 Rh1 
54.Bb3+ Kd6 55.Rd4+ Kc5 56.Rd7 Rh7 57.Be6 Rg7 58.Kf3 Kb4 59.exf5 gxf5 60.
g6 Kc3 61.Bxf5 Nxf5 62.Rxg7 Nxg7 63.Ke4 c5 64.f5 Nh5 65.Ke5 Kxd3 66.f6 c4 
67.g7 c3 68.g8=Q Nxf6 69.Kxf6 c2 70.Qg5 1-0

[Event "2nd VAM op"]
[Site "Hoogeveen NED"]
[Date "1998.10.21"]
[Round "6.1"]
[White "De Jong, Migchiel"]
[Black "Visser, Yge"]
[Result "0-1"]
[WhiteElo "2280"]
[BlackElo "2370"]
[EventDate "1998.10.16"]
[PlyCount "85"]

1.e4 e6 2.d4 d5 3.Nc3 Nf6 4.e5 Nfd7 5.f4 c5 6.Nf3 Nc6 7.Be3 a6 8.Qd2 b5 9.
dxc5 Nxc5 10.Qf2 Ne4 11.Nxe4 dxe4 12.Nd2 Bb7 13.Bb6 e3 14.Qxe3 Nb4 15.Bxd8
Nxc2+ 16.Kf2 Nxe3 17.Ba5 Bc5 18.Rc1 Ba7 19.Kg3 O-O 20.Nf3 Nf5+ 21.Kg4 Be3 
22.Rc7 h5+ 23.Kxh5 Bxf3+ 24.gxf3 Bxf4 25.Bc3 Rfd8 26.Kg4 Bd2 27.Rg1 Be3 
28.Rh1 Bd2 29.Rg1 b4 30.Bxd2 Rxd2 31.Kf4 Rd4+ 32.Kg5 Rd1 33.Rc2 Ne3 34.Rf2
Rc8 35.Kf4 Nd5+ 36.Ke4 Rcc1 37.Rh1 g6 38.h4 Kf8 39.f4 Ne7 40.Kf3 Nf5 41.b3
Re1 42.h5 gxh5 43.Rg1 0-1

[Event "2nd VAM op"]
[Site "Hoogeveen NED"]
[Date "1998.10.21"]
[Round "6.2"]
[White "Sherzer, Alex"]
[Black "Solomon, Stephen"]
[Result "1-0"]
[WhiteElo "2470"]
[BlackElo "2435"]
[EventDate "1998.10.16"]
[PlyCount "57"]

1.e4 e5 2.Nf3 Nf6 3.d4 Nxe4 4.Bd3 d5 5.Nxe5 Nd7 6.O-O Nxe5 7.dxe5 Be6 8.
Nc3 Nxc3 9.bxc3 Bc5 10.Rb1 O-O 11.Qh5 g6 12.Qh6 f5 13.Rxb7 Bb6 14.Bg5 Qd7 
15.Bf6 Qf7 16.h4 Bd7 17.g4 fxg4 18.h5 Qxf6 19.exf6 Rxf6 20.hxg6 hxg6 21.
Bxg6 g3 22.Qh7+ Kf8 23.Qh8+ Ke7 24.Qg7+ Kd8 25.Qxf6+ Kc8 26.Rxb6 gxf2+ 27.
Rxf2 axb6 28.Bf7 Ra5 29.Rd2 1-0

[Event "2nd VAM op"]
[Site "Hoogeveen NED"]
[Date "1998.10.21"]
[Round "6.5"]
[White "Hofman, Ron"]
[Black "Van Engen, Herman J"]
[Result "1-0"]
[WhiteElo "2195"]
[BlackElo "2135"]
[EventDate "1998.10.16"]
[PlyCount "89"]

1.d4 Nf6 2.c4 e6 3.a3 d5 4.e3 Nbd7 5.Nc3 c6 6.Qc2 Bd6 7.b4 O-O 8.c5 Bc7 9.
f4 Re8 10.Nf3 Nf8 11.Bd3 Ne4 12.Nxe4 dxe4 13.Bxe4 f6 14.Bb2 e5 15.dxe5 Qe7
16.h3 fxe5 17.Bxe5 Bxe5 18.Nxe5 Qh4+ 19.Qf2 Qf6 20.O-O Nd7 21.Qa2+ Qe6 22.
Qxe6+ Rxe6 23.Bf5 Re7 24.Bxd7 Bxd7 25.Nxd7 Rxd7 26.Rfd1 Rad8 27.Rxd7 Rxd7 
28.Kf2 Rd2+ 29.Kf3 Kf7 30.Rc1 Rd3 31.a4 Ra3 32.a5 Rb3 33.Rc4 Ke6 34.Rd4 a6
35.g4 Rb1 36.h4 Rf1+ 37.Ke4 Ke7 38.h5 Rg1 39.Kf5 Re1 40.e4 Rb1 41.e5 Re1 
42.Kg5 Re2 43.h6 g6 44.Rd6 Rh2 45.e6 1-0

[Event "2nd VAM op"]
[Site "Hoogeveen NED"]
[Date "1998.10.21"]
[Round "6.6"]
[White "Timmermans, Ivo"]
[Black "Rantanen, Yrjo"]
[Result "1-0"]
[WhiteElo "2225"]
[BlackElo "2360"]
[EventDate "1998.10.16"]
[PlyCount "91"]

1.e4 c5 2.Nf3 d6 3.d4 cxd4 4.Nxd4 Nf6 5.Nc3 g6 6.Be3 Bg7 7.f3 O-O 8.Qd2 d5
9.e5 Nfd7 10.f4 Nb6 11.O-O-O Nc6 12.Nf3 e6 13.h4 h5 14.Bc5 f6 15.Bxf8 Qxf8
16.Kb1 Bd7 17.Bd3 Rc8 18.exf6 Qxf6 19.Ka1 Be8 20.Rde1 Nd7 21.Rhf1 Nc5 22.
g3 Qd8 23.Ne5 Nb4 24.Kb1 Qb6 25.Rg1 Ncxd3 26.cxd3 d4 27.Ne4 Rc2 28.Nc4 
Rxd2 29.Nxb6 Rxd3 30.Nc4 Bc6 31.Nc5 Bd5 32.Nxd3 Nxd3 33.Ne5 Nxe1 34.Rxe1 
Bf6 35.Kc2 Kg7 36.Kd3 Bxa2 37.Ra1 Bd5 38.Rxa7 g5 39.hxg5 Bxe5 40.fxe5 Kg6 
41.Kxd4 Kxg5 42.Ra8 Kg4 43.Rd8 Bb3 44.Kc5 Bc2 45.Rg8+ Kh3 46.Kd4 1-0

[Event "2nd VAM op"]
[Site "Hoogeveen NED"]
[Date "1998.10.21"]
[Round "6.7"]
[White "Van der Weide, Karel"]
[Black "Dgebuadze, Alexandre"]
[Result "1/2-1/2"]
[WhiteElo "2490"]
[BlackElo "2505"]
[EventDate "1998.10.16"]
[PlyCount "31"]

1.e4 e6 2.d3 c5 3.Nf3 Nc6 4.g3 Nge7 5.Bg2 g6 6.O-O Bg7 7.c3 e5 8.Nbd2 O-O 
9.Re1 d6 10.a3 h6 11.b4 Qc7 12.Bb2 b5 13.a4 bxa4 14.bxc5 dxc5 15.Rxa4 Bd7 
16.Nc4 1/2-1/2

[Event "2nd VAM op"]
[Site "Hoogeveen NED"]
[Date "1998.10.21"]
[Round "6.8"]
[White "Jonkman, Harmen"]
[Black "Klenburg, Mikhail"]
[Result "1-0"]
[WhiteElo "2310"]
[BlackElo "2330"]
[EventDate "1998.10.16"]
[PlyCount "55"]

1.e4 d6 2.d4 Nf6 3.Nc3 g6 4.f4 Bg7 5.Bd3 O-O 6.Nf3 c5 7.dxc5 dxc5 8.Qe2 
Nc6 9.e5 Nd5 10.Nxd5 Qxd5 11.Be4 Qd7 12.Be3 b6 13.h4 Bb7 14.h5 Nd4 15.Bxd4
Bxe4 16.Qxe4 cxd4 17.O-O-O Qg4 18.h6 Bh8 19.Nxd4 Rac8 20.Rd3 Rc5 21.Re1 
Rfc8 22.Nc6 R5xc6 23.Qxc6 Qxf4+ 24.Kb1 Rf8 25.Qc7 Qxh6 26.Qxe7 Bg7 27.Rf1 
Qh2 28.Rd8 1-0

[Event "2nd VAM op"]
[Site "Hoogeveen NED"]
[Date "1998.10.21"]
[Round "6.9"]
[White "Hartoch, Robert G"]
[Black "Ligterink, Gert"]
[Result "1/2-1/2"]
[WhiteElo "2315"]
[BlackElo "2425"]
[EventDate "1998.10.16"]
[PlyCount "32"]

1.Nf3 g6 2.g3 Bg7 3.d4 d6 4.Bg2 Nf6 5.b3 O-O 6.Bb2 c5 7.dxc5 Qa5+ 8.Qd2 
Qxc5 9.Nc3 Nc6 10.O-O Qh5 11.Rad1 Bh6 12.Qd3 Bh3 13.Nd5 Nxd5 14.Qxd5 Qxd5 
15.Rxd5 Bxg2 16.Kxg2 Rac8 1/2-1/2

[Event "2nd VAM op"]
[Site "Hoogeveen NED"]
[Date "1998.10.21"]
[Round "6.11"]
[White "Gausel, Einar"]
[Black "Garcia, Gildardo"]
[Result "1-0"]
[WhiteElo "2540"]
[BlackElo "2510"]
[EventDate "1998.10.16"]
[PlyCount "95"]

1.d4 Nf6 2.Nf3 e6 3.e3 c5 4.Bd3 b6 5.O-O Bb7 6.c4 Be7 7.Nc3 a6 8.Re1 O-O 
9.d5 exd5 10.cxd5 b5 11.e4 d6 12.a4 bxa4 13.Qxa4 Nbd7 14.h3 Nb6 15.Qa5 
Nfd7 16.Bf4 Re8 17.Rad1 Bf8 18.Qa2 Rc8 19.Bc2 c4 20.Na4 h6 21.Bd2 Nxa4 22.
Bxa4 Re7 23.Rc1 Nc5 24.Rxc4 f5 25.Bc6 fxe4 26.Nd4 Rf7 27.Bxb7 Rxb7 28.b4 
Nd3 29.Rxe4 Rf7 30.Be3 Ne5 31.Nc6 Nxc6 32.Rxc6 Rb8 33.Rxa6 Qf6 34.Rf4 Qc3 
35.Bd2 Qd3 36.Ra3 Qg6 37.Rg3 Qh5 38.Rxf7 Qxf7 39.Qc4 Re8 40.Re3 Ra8 41.b5 
Qf5 42.Qb3 g5 43.b6 Bg7 44.b7 Rb8 45.Re7 Bd4 46.Be3 Be5 47.Ba7 Qf4 48.g3 
1-0

[Event "2nd VAM op"]
[Site "Hoogeveen NED"]
[Date "1998.10.21"]
[Round "6.12"]
[White "De Blecourt, Sandra"]
[Black "Azadmanesh, Moosa"]
[Result "0-1"]
[WhiteElo "2040"]
[BlackElo "2150"]
[EventDate "1998.10.16"]
[PlyCount "128"]

1.d4 Nf6 2.c4 c5 3.d5 b5 4.cxb5 a6 5.b6 e6 6.Nc3 Nxd5 7.Nxd5 exd5 8.Qxd5 
Nc6 9.e4 Rb8 10.Bc4 Qe7 11.Bf4 Rxb6 12.Nf3 Bb7 13.O-O-O Nd8 14.Qd2 Ne6 15.
Ne5 d6 16.Bxe6 Qxe6 17.b3 Qf6 18.f3 Be7 19.Kb1 Qe6 20.Nd3 c4 21.Be3 Rb5 
22.Nf4 Qd7 23.e5 d5 24.Bd4 O-O 25.Rhe1 Qf5+ 26.Kb2 Bb4 27.Bc3 Bxc3+ 28.
Kxc3 cxb3 29.axb3 Rb8 30.e6 d4+ 31.Kb2 fxe6 32.Nxe6 Bd5 33.Nxd4 Qf6 34.Ka2
Rxb3 35.Nxb3 Bxb3+ 36.Ka3 Bxd1 37.Rxd1 Qe7+ 38.Qd6 Qe3+ 39.Qd3 Qc5+ 40.Ka2
Qa5+ 41.Qa3 Qb5 42.Rc1 Qe2+ 43.Ka1 Qxg2 44.Qa2+ Qxa2+ 45.Kxa2 Rb6 46.Ka3 
Kf7 47.Rc2 Rf6 48.Kb4 Rxf3 49.Rc7+ Kg6 50.Rc6+ Rf6 51.Rc7 Re6 52.Ka5 Kf6 
53.Rd7 h6 54.Ra7 g5 55.Kb4 Kf5 56.Kc4 h5 57.Kd5 a5 58.Rf7+ Rf6 59.Ra7 Kg4 
60.Ke5 Rf4 61.Rg7 a4 62.h3+ Kh4 63.Rg6 Rb4 64.Rg8 Kxh3 0-1

[Event "2nd VAM op"]
[Site "Hoogeveen NED"]
[Date "1998.10.21"]
[Round "6.15"]
[White "Westerinen, Heikki"]
[Black "Remmel, Tim"]
[Result "1-0"]
[WhiteElo "2435"]
[BlackElo "2235"]
[EventDate "1998.10.16"]
[PlyCount "107"]

1.e4 c5 2.Nf3 g6 3.d4 Bg7 4.dxc5 Qa5+ 5.c3 Qxc5 6.Be3 Qc7 7.Bd4 Nf6 8.e5 
Ng4 9.e6 f6 10.h3 Nh6 11.exd7+ Bxd7 12.Na3 Nc6 13.Nb5 Qc8 14.Bc5 O-O 15.
Be2 Rd8 16.Qb3+ Be6 17.Bc4 Bxc4 18.Qxc4+ Kh8 19.Qe2 a6 20.Nbd4 e5 21.Nb3 
e4 22.Nfd4 Nxd4 23.Bxd4 Nf5 24.Bc5 Qc6 25.O-O b6 26.Ba3 Rd3 27.Rfe1 Re8 
28.Nd2 Qd5 29.Nxe4 Nh4 30.Qg4 f5 31.Qxh4 fxe4 32.Be7 e3 33.Rxe3 Rxe3 34.
fxe3 Qd2 35.Bf6 Qxe3+ 36.Kh1 Qd2 37.Rf1 Qd7 38.Bxg7+ Qxg7 39.Qa4 Ra8 40.
Qc6 Rb8 41.Qd6 Re8 42.Qxb6 Ra8 43.Qc6 Qa7 44.Qf6+ Kg8 45.Qe6+ Kg7 46.Rd1 
Kh6 47.Qd7 Qb8 48.Qd2+ Kg7 49.Qd4+ Kg8 50.Qc4+ Kh8 51.Rd7 Qf8 52.Qd4+ Kg8 
53.Qd5+ Kh8 54.Rf7 1-0

[Event "2nd VAM op"]
[Site "Hoogeveen NED"]
[Date "1998.10.21"]
[Round "6.16"]
[White "Tindall, Brett"]
[Black "Van Beek, Lucien"]
[Result "1/2-1/2"]
[WhiteElo "2275"]
[BlackElo "2315"]
[EventDate "1998.10.16"]
[PlyCount "89"]

1.Nf3 Nf6 2.c4 e6 3.Nc3 d5 4.cxd5 exd5 5.d4 c6 6.Bg5 Be7 7.Qc2 O-O 8.e3 
Nbd7 9.Bd3 Re8 10.O-O Nf8 11.Rae1 g6 12.Bxf6 Bxf6 13.b4 Ne6 14.Qb3 a6 15.
a4 Qd6 16.Ra1 Rd8 17.Rfb1 b6 18.Rd1 Kg7 19.Bf1 Be7 20.b5 axb5 21.axb5 Rxa1
22.Rxa1 c5 23.dxc5 bxc5 24.Ra7 c4 25.Qb2 Qb4 26.Qxb4 Bxb4 27.Na4 Bd7 28.
Ne5 Bxb5 29.Rxf7+ Kg8 30.Rb7 Bxa4 31.Rxb4 Nc5 32.Rb1 c3 33.Nd3 c2 34.Rc1 
Ne4 35.Nb4 Nd2 36.Bd3 Rc8 37.Nxd5 Rc5 38.e4 Kg7 39.f4 Bb3 40.Kf2 Nxe4+ 41.
Bxe4 Bxd5 42.Rxc2 Rxc2+ 43.Bxc2 Kf6 44.g4 h6 45.h4 1/2-1/2

[Event "2nd VAM op"]
[Site "Hoogeveen NED"]
[Date "1998.10.21"]
[Round "6.17"]
[White "Reinderman, Dimitri"]
[Black "Erwich, Frans"]
[Result "1-0"]
[WhiteElo "2540"]
[BlackElo "2105"]
[EventDate "1998.10.16"]
[PlyCount "72"]

1.f4 e5 2.fxe5 d6 3.exd6 Bxd6 4.Nf3 g5 5.g3 g4 6.Nh4 Be7 7.Ng2 h5 8.d4 h4 
9.Bf4 hxg3 10.Bxg3 Nf6 11.Nf4 Nc6 12.c3 Ne4 13.Bg2 Nxg3 14.hxg3 Rxh1+ 15.
Bxh1 Qd6 16.Qd3 Qh6 17.Bg2 Bg5 18.e3 Ne7 19.Nd2 c6 20.O-O-O Bxf4 21.exf4 
Be6 22.Rh1 Qg7 23.Ne4 O-O-O 24.Nc5 Rh8 25.Re1 Rh2 26.Re2 Qh6 27.Kd2 Nf5 
28.b3 Nd6 29.Ne4 Nf5 30.Nc5 Nd6 31.c4 Kc7 32.d5 Bf5 33.Qe3 Qf6 34.Qe5 Qxe5
35.fxe5 Nc8 36.d6+ Kb6 1-0

[Event "2nd VAM op"]
[Site "Hoogeveen NED"]
[Date "1998.10.21"]
[Round "6.18"]
[White "Hendriks, Richard V"]
[Black "Olkinuora, Hannu"]
[Result "1-0"]
[WhiteElo "2080"]
[BlackElo "2030"]
[EventDate "1998.10.16"]
[PlyCount "41"]

1.e4 d5 2.exd5 Nf6 3.c4 c6 4.Nc3 cxd5 5.cxd5 Nbd7 6.Nf3 Nb6 7.d4 Nfxd5 8.
Ne5 a6 9.Be2 g6 10.Bf3 Bg7 11.O-O Nxc3 12.bxc3 Bxe5 13.dxe5 O-O 14.Bh6 
Qxd1 15.Rfxd1 Re8 16.Rab1 Na4 17.Bd2 Rb8 18.Bc6 bxc6 19.Rxb8 Rd8 20.c4 Nc3
21.Rxc8 1-0